| 000 | 00770cam a2200133 4500500 | ||
|---|---|---|---|
| 005 | 20260405025718.0 | ||
| 041 | _afre | ||
| 042 | _adc | ||
| 100 | 1 | 0 |
_aMichaud, Yves _eauthor |
| 245 | 0 | 0 | _aLa Chine aujourd'hui : (Volume 8) |
| 260 |
_bOdile Jacob,
_c2006. |
||
| 520 | _aCe volume inédit de l’Université de tous les savoirs fait le point sur la Chine actuelle, entre modernité et tradition : comment définir le régime politique chinois d’aujourd’hui ? Quelle est de nos jours la place de la Chine dans le monde ? Quels sont les différents aspects de la vie culturelle et intellectuelle chinoise ? Pour une nouvelle histoire de la Chine. | ||
| 856 | 4 | 1 | _uhttps://shs.cairn.info/la-chine-aujourd-hui--9782738112835?lang=fr&redirect-ssocas=7080 |
| 999 |
_c2148104 _d2148104 |
||